| 000 | 01049nam a22002417a 4500 | ||
|---|---|---|---|
| 005 | 20101129155140.0 | ||
| 008 | 101129t xxu||||| |||| 00| 0 mar d | ||
| 010 | _aMAR-20417 | ||
| 020 | _c100.00 | ||
| 035 | _aMR-13075 | ||
| 037 | _bDBAD / PUB | ||
| 040 |
_aDPL _bMR |
||
| 082 | _a891.467 | ||
| 100 |
_924500 _aदांडेकर,सुधीर |
||
| 245 |
_aमसाला ठोसा / _cसुधीर दांडेकर |
||
| 246 |
_aMasala Thosa _bby Sudhir Dandekar |
||
| 260 |
_aठाणे _b' पालघर मित्र ' प्रकाशन _c2010 |
||
| 270 |
_a3/भ,पालघर तालुका,औद्योगिक सहकारी वसाहत _bठाणे _e401404 |
||
| 300 |
_a119पृ _c21सेमी ( अजिल्द ) |
||
| 700 | _924501 | ||
| 942 |
_2ddc _cMR _mदांडेक _h891.467 |
||
| 999 |
_c48869 _d48869 |
||